00495nam a22001457a 4500008004100000040005500041080002100096100002200117245008500139260005100224300001000275650002700285653001900312653001800331230331b |||||||| |||| 00| 0 eng d aNational Science LibrarycNational Science Library aD 681.327.02bN1 aDasgupta, Subrata aDesign theory and computer sciencecProcesses and methodology of computer design aNew York: bCambridge University Press, c1991 a428p. aInformation technology aMicroprocessor aMicrocomputer